BU 602 MARKETING (Record no. 2676)

000 -LEADER
fixed length control field 00405nam a22001697a 4500
003 - CONTROL NUMBER IDENTIFIER
control field OSt
005 - DATE AND TIME OF LATEST TRANSACTION
control field 20210716072702.0
008 - FIXED-LENGTH DATA ELEMENTS--GENERAL INFORMATION
fixed length control field 210716b ||||| |||| 00| 0 eng d
020 ## - INTERNATIONAL STANDARD BOOK NUMBER
International Standard Book Number 9781269804882
020 ## - INTERNATIONAL STANDARD BOOK NUMBER
International Standard Book Number 126980488x
040 ## - CATALOGING SOURCE
Transcribing agency Alupe University
050 ## - LIBRARY OF CONGRESS CALL NUMBER
Classification number HF541
Item number .M37 2015
245 ## - TITLE STATEMENT
Title BU 602 MARKETING
Remainder of title Laurier MBA
260 ## - PUBLICATION, DISTRIBUTION, ETC.
Place of publication, distribution, etc. USA
Name of publisher, distributor, etc. pearson
Date of publication, distribution, etc. c2015
300 ## - PHYSICAL DESCRIPTION
Extent 634P
942 ## - ADDED ENTRY ELEMENTS (KOHA)
Source of classification or shelving scheme
Koha item type Book
Suppress in OPAC DO
Holdings
Withdrawn status Lost status Source of classification or shelving scheme Damaged status Not for loan Permanent Location Current Location Shelving location Date acquired Source of acquisition Total Checkouts Full call number Barcode Date last seen Price effective from Koha item type Public note
          AU LIBRARY AU LIBRARY Open Shelf 16.07.2021 DONATION FROM MU   HF541 .M37 2015 28002825 16.07.2021 16.07.2021 Book DO

Powered by Koha